Programming in mathematica

Programming in mathematica is unlike any you have encountered before.The manual explains all its features and gives some very basic examples of their use.

محفوظ في:
التفاصيل البيبلوغرافية
المؤلف الرئيسي: Maeder, Roman E.
التنسيق: كتاب
اللغة:Undetermined
منشور في: Reading, Mass Addision Wesley Pub 1991
الموضوعات:
الوسوم: إضافة وسم
لا توجد وسوم, كن أول من يضع وسما على هذه التسجيلة!
Thư viện lưu trữ: Trung tâm Học liệu Trường Đại học Cần Thơ
LEADER 00756nam a2200205Ia 4500
001 CTU_148647
008 210402s9999 xx 000 0 und d
082 |a 510.285 
082 |b M184 
100 |a Maeder, Roman E. 
245 0 |a Programming in mathematica 
245 0 |c Maeder, Roman 
260 |a Reading, Mass 
260 |b Addision Wesley Pub 
260 |c 1991 
520 |a Programming in mathematica is unlike any you have encountered before.The manual explains all its features and gives some very basic examples of their use. 
650 |a Khoa học,Science, Mathematica (Computer program language) 
650 |x Xử lý dữ liệu,Data processing 
904 |i Tuyến 
980 |a Trung tâm Học liệu Trường Đại học Cần Thơ